000 01834nam a2200505 c 4500
001 52291
003 ES-MaCES
005 20250203133931.0
008 220523s2022 sp l 000 | spa d
017 _aV 126-2022
_bDL
020 _a9788411136921
040 _aES-MaCES
_bspa
_cES-MaCES
245 0 3 _aLa Directiva de protección de los denunciantes y su aplicación práctica al sector público
_cDirs, Jordi Gimeno Beviá, Belén López Donaire
260 _aValencia
_bTirant lo Blanch
_c2022
300 _a479 p.
_c22 cm
490 1 _aAdministrativo práctico
504 _aBibliografía
541 _cCompra
610 1 4 _940276
_aUnión Europea
_tDirectiva relativa a la protección de las personas que informen sobre infracciones del Derecho de la Unión, 2019
650 4 _aprotección de los datos
_929496
650 4 _aconfidencialidad
_929005
650 4 _aderechos civiles
_930100
650 4 _adivulgación de la información
_929540
650 4 _adenuncia
_930334
650 4 _amala conducta
_930408
650 4 _acorrupción
_929365
650 4 _adelito
_927046
650 4 _aderecho comunitario
_929866
650 4 _aadministración pública
_927214
650 4 _asector público
_927150
650 4 _aComunidades Autónomas
_930768
650 4 _anivel local
_927220
650 4 _amecanismo de control
_929918
650 4 _aDirectiva de la CE
_929873
650 4 _acampo de aplicación
_930263
650 4 _aEspaña
_926964
650 4 _aprocedimiento administrativo
_930919
650 4 _aderecho administrativo
_927155
653 1 0 _aDerecho administrativo
700 1 _940353
_aGimeno Beviá, Jordi
_edir.
700 1 _940354
_aLópez Donaire, Belén
_edir.
830 0 _aAdministrativo práctico (Tirant lo Blanch (Firma))
_938732
902 _aLIB Libro
942 _2CES
_cBK
_h6.0.2.
999 _c52291
_d52291